000 01080nam0a22002651 4500
001 rc\3577381
005 20260407101340.0
021 _aRU
_b89-ВП-1049/6
035 _a(NLR Aleph) 007695129
090 _a6683943
_c6683943
100 _a20130115d1972 |||y0rusy50 ca
101 0 _arus
102 _aRU
105 _ac z |||||
200 1 _aПЕРЕДОВОЙ опыт - на службу пятилетке
_f[Авт.-сост. П.В. Назаров]
210 _aМосква
_cЦБНТИ Минавтотранса РСФСР
_d1972
215 _a24 с.
_cпортр.
_d20
225 1 _aЭкспресс-информация
_fМ-во автомоб. трансп. РСФСР. ЦБНТИ
702 1 _aНазаров
_bП.В.
_4220
712 0 1 _aРСФСР
_bМинистерство автомобильного транспорта
_bЦентральное бюро научно-технической информации
_3RU\NLR\AUTH\889928719
_9353013
801 0 _aRU
_bNLR
_gpsbo
801 1 _aRU
_bELAR
_2rusmarc
852 _aNLR
_j89-4/13769
942 _cBOOK
980 _aNB